| 000 | 00487nam a2200181Ia 4500 | ||
|---|---|---|---|
| 008 | 240925s9999 xx 000 0 und d | ||
| 020 | _a9781118298794 | ||
| 082 | _a658.4012 DEN | ||
| 100 | _aDen, Dragons | ||
| 245 | 4 | _aThe Dragons Den Guide to Investor - Ready Business Plans | |
| 250 | _aNA | ||
| 260 |
_aUnited States: _bJohn Wiley + sons _c,2013. |
||
| 300 |
_a264p. _bNA _fOriginal |
||
| 500 | _aIncludes Index | ||
| 600 | _aManagement | ||
| 650 | _aManagement | ||
| 942 | _cBK | ||
| 999 |
_c16692 _d16692 |
||